000 00803cam a2200253 a 4500
001 000019222
005 20260305073955.0
008 810526s1983 ve ac 000 0 spa d
035 _a(DLC) 55056919
035 _a(OCoLC)7445993
040 _aDO-SdBNP
_cGCarrWG
_dDLC
_dBNPHU
042 _apremarc
050 0 0 _aLB675.B56
_bR6 1955
082 _aNNN
_bB689r, 1983
100 1 _aRojas, Armando,
_d1913-
_919332
245 1 0 _aIdeas educativas de Simón Bolívar /
_cArmando Rojas.
250 _a7a ed.
260 _aCaracas :
_bUniversidad de los Andes,
_bBicentenario del Natalicio de el Libertador,
_c1983.
300 _a245 p. :
_bil., retrs. ;
_c22 cm.
490 0 _aAutores Venezolanos
600 1 0 _aBolívar, Simón,
_d1783-1830
_9253
910 _aCatalogación derivada / LC
049 _aBNGR
999 _c18740
_d18740